Most Populous City in each State - Statistics

General Stats
  • This quiz has been taken 39 times
  • The average score is 30 of 50
Answers on the Map
Answers color-coded by a green-red scale on the quiz's map according to % correct below.
 
Answer Stats
Answer % Correct
Los Angeles
93%
Atlanta
86%
Las Vegas
86%
Chicago
82%
Honolulu
82%
Anchorage
79%
Albuquerque
75%
Boston
75%
Denver
75%
Detroit
75%
Jacksonville
75%
Minneapolis
75%
New York City
75%
Oklahoma City
75%
Phoenix
75%
Boise
71%
Des Moines
71%
Indianapolis
71%
New Orleans
71%
Columbus
68%
Jackson
68%
Little Rock
68%
Louisville
68%
Charlotte
64%
Houston
64%
Kansas City
64%
Newark
64%
Philadelphia
64%
Baltimore
57%
Omaha
57%
Billings
54%
Nashville
54%
Fargo
50%
Providence
50%
Salt Lake City
50%
Bridgeport
46%
Seattle
46%
Wichita
46%
Huntsville
39%
Sioux Falls
39%
Wilmington
39%
Manchester
36%
Virginia Beach
36%
Cheyenne
32%
Milwaukee
32%
Portland
32%
Portland
29%
Burlington
25%
Charleston
25%
Charleston
18%
No matching quizzes found
Score Distribution
Percent of People with Each Score
Percentile by Number Answered
Your Score History
You have not taken this quiz